| 000 | 00343nam a2200133Ia 4500 | ||
|---|---|---|---|
| 008 | 240624s9999 xx 000 0 und d | ||
| 041 | _aeng | ||
| 082 | _a519.5 CAR | ||
| 100 | _aCARLSON KIETH A | ||
| 245 | _aINTRODUCTION TO STATISTICS AN ACTIVE LEA | ||
| 260 |
_c2014 _aLondon _bSage |
||
| 300 | _axxiv, : 549 : p. : cm. ; 23 | ||
| 365 |
_c _b38 |
||
| 999 |
_c27388 _d27388 |
||